000 nam a22 7a 4500
999 _c55182
_d55182
003 OSt
005 20220809141022.0
008 220809b xxu||||| |||| 00| 0 eng d
040 _cIIMT UNIVERSITY
100 _aCLAYDEN,JOATHAN
245 _aORGANIC CHEMISTRY
250 _a2ND
260 _aUK
_bOXFORD
_c2021
300 _a1234
942 _2ddc
_c01